Statystyki dla Państwa produkujące najwięcej oliwy z oliwek

Kliknij tutaj aby rozwiązać quiz!

Ogólne statystyki

  • Ten quiz został rozwiązany 15 077 razy
    (5 515 od ostatniego zresetowania)
  • Średni wynik to 14 z 20

Statystyki odpowiedzi

Tony metr.Kraj% Poprawnych
278 000Włochy
94%
328 000Grecja
92%
1 790 000Hiszpania
91%
109 000Portugalia
84%
154 000Turcja
83%
28 800Egipt
79%
16 000Stany Zjednoczone
78%
16 700Izrael
77%
174 000Maroko
75%
96 600Algieria
70%
7 060Brazylia
70%
278 000Tunezja
66%
17 300Libia
65%
27 500Argentyna
60%
11 000Albania
57%
118 000Syria
56%
19 300Liban
55%
21 900Chile
50%
21 200Jordania
48%
20 800Australia
46%

Rozkład punktacji

Percentyl według liczby udzielonych odpowiedzi

Procent ludzi z każdym wynikiem

Twoja historia wyników

Nie rozwiązałeś tego quizu od ostatniego zresetowania